Images à relier - Couples de Séries TV - Statistiques

Statistiques générales
  • Ce quiz a été pris 216 fois
  • Le résultat moyen est 15 sur 25
Statistiques - réponses
Hint Explanation Réponse % Correct
Derek Shepherd et Meredith Grey (Grey's Anatomy)
92%
Ross Geller et Rachel Green (Friends)
90%
Rio et Tokyo (la casa de papel)
85%
Ygritte et Jon Snow (Game of Thrones)
80%
Amy Farrah Fowler et Sheldon Cooper (The Big Bang Theory)
79%
Elena Gilbert et Damon Salvatore (The Vampire Diaries)
76%
Alex Vause et Piper Chapman (Orange is the New Black)
73%
Ajax Petropolus et Enid Sinclair (Mercredi)
70%
Vickie Dunne et Robin Buckley (Stranger Things)
69%
Sylvie Brett et Matthew Casey (Chicago Fire)
64%
Ted Mosby et Tracy McConnell (How I Met Your Mother)
64%
Maggie Greene et Glenn Rhee (The Walking Dead)
60%
Clarke Griffin et Lexa (The 100)
58%
Arisu Ryohei et Usagi Yuzuha (Alice in Borderland)
57%
Ander Nunoz et Omar Shanaa (Élite)
53%
Mitchell Pritchett et Cameron Tucker (Modern Family)
51%
Skyler White et Walter White (Breaking Bad)
50%
Leroy Hanlon et Charlotte Hanlon (Ça : Bienvenue à Derry)
49%
Killian Jones et Emma Swan (Once Upon A Time)
48%
Lee McDermott et Bob Hunter (Desperate Housewives)
46%
Lila Pitts et Diego Hargreeves (Umbrella Academy)
43%
Ellie Williams et Dina (The Last of Us)
40%
Gabriel Riva et Thomas Marci (Plus belle la vie)
32%
Willow Rosenberg et Tara Maclay (Buffy contre les vampires)
26%
Roxane Thiemen et Sara Reynaud (Demain nous appartient)
22%
Aucun quiz correspondant
Distribution des résultats
% des personnes avec chaque résultat
Percentile par nombre de réponses
Votre historique - résultats
Vous n’avez pas pris ce quiz